<?xml version="1.0" encoding="UTF-8"?>
<collection xmlns="http://www.loc.gov/MARC21/slim">
 <record>
  <leader>04701nam a2200373 a 4500</leader>
  <controlfield tag="001">1/45360</controlfield>
  <controlfield tag="008">140826s2008    ne            001 0 eng  </controlfield>
  <datafield tag="020" ind1=" " ind2=" ">
   <subfield code="a">9781597492560</subfield>
  </datafield>
  <datafield tag="020" ind1=" " ind2=" ">
   <subfield code="a">1597492566</subfield>
  </datafield>
  <datafield tag="020" ind1=" " ind2=" ">
   <subfield code="a">0080558828 (electronic bk.)</subfield>
  </datafield>
  <datafield tag="020" ind1=" " ind2=" ">
   <subfield code="a">9780080558820 (electronic bk.)</subfield>
  </datafield>
  <datafield tag="035" ind1=" " ind2=" ">
   <subfield code="l">48320</subfield>
  </datafield>
  <datafield tag="040" ind1=" " ind2=" ">
   <subfield code="a">OPELS</subfield>
   <subfield code="b">eng</subfield>
   <subfield code="c">OPELS</subfield>
   <subfield code="d">OCLCQ</subfield>
   <subfield code="d">CDX</subfield>
   <subfield code="d">N$T</subfield>
   <subfield code="d">UBY</subfield>
   <subfield code="d">IDEBK</subfield>
   <subfield code="d">E7B</subfield>
   <subfield code="d">UMI</subfield>
   <subfield code="d">CEF</subfield>
   <subfield code="d">NHM</subfield>
   <subfield code="d">DEBSZ</subfield>
   <subfield code="d">OCLCQ</subfield>
   <subfield code="d">OCLCO</subfield>
   <subfield code="d">OCLCF</subfield>
   <subfield code="d">GR-PeUP</subfield>
  </datafield>
  <datafield tag="100" ind1="1" ind2=" ">
   <subfield code="a">Landy, Gene K.</subfield>
  </datafield>
  <datafield tag="245" ind1="1" ind2="4">
   <subfield code="a">The IT/digital legal companion</subfield>
   <subfield code="h">[electronic resource] :</subfield>
   <subfield code="b">a comprehensive business guide to software, Internet, and IP law : includes contracts and web forms /</subfield>
   <subfield code="c">Gene K. Landy ; editing and additional content by Amy J. Mastrobattista.</subfield>
  </datafield>
  <datafield tag="260" ind1=" " ind2=" ">
   <subfield code="a">Amsterdam ;</subfield>
   <subfield code="a">Boston :</subfield>
   <subfield code="b">Syngress/Elsevier,</subfield>
   <subfield code="c">c2008.</subfield>
  </datafield>
  <datafield tag="300" ind1=" " ind2=" ">
   <subfield code="a">1 online resource (xliv, 1209 p.) :</subfield>
   <subfield code="b">forms</subfield>
  </datafield>
  <datafield tag="520" ind1=" " ind2=" ">
   <subfield code="a">To compete effectively in digital business markets, you need to understand how the law affects your digital technology business. The contents include detailed plain English business and legal guidance on: * Securing Intellectual Property for Digital Business * Digital Contract Fundamentals * Open Source Rules and Strategies * Development, Consulting and Outsourcing * Software as a Service * Business Software Licensing, Partnering and Distribution * Web and Internet Agreements * Privacy on the Internet * Digital Multimedia Content Clearance and Distribution * IT Standards * Web and Mobile Technology and Content Deals * Video Game Development Deals * International Distribution * User-Created Content, Mash-ups, MMOGs and Web Widgets * And Much More Comprehensive Business and Legal Guidance including * Securing Intellectual Property for Digital Business * Digital Contract Fundamentals * Open Source Rules and Strategies * Development, Consulting and Outsourcing * Software as a Service * Business Software Licensing, Partnering, and Distribution * Web and Internet Agreements * Privacy on the Internet * Digital Multimedia Content Clearance and Distribution * IT Standards * Video Game Development and Content Deals * International Distribution * User-Created Content, Mash-Ups, MMOGs, and Web Widgets * And Much More Key Features: * Up-to-the-Moment Legal Guide * In Plain English * Includes 38 Contract and Web Forms in the Book and Online.</subfield>
  </datafield>
  <datafield tag="505" ind1="0" ind2=" ">
   <subfield code="a">Acknowledgement by Gene Landy -- A Note from the Authors -- About the Authors -- About the Authors' Law Firm -- Form Downloading Instructions -- Chapter 1 Introduction: Using this Book to Build Value -- Chapter 2 Digital Copyright Basics -- Chapter 3 Copyrights on the Internet, for Software Protection and Around the World -- Chapter 4 Tradmarks and Domain Names -- Chapter 5 Patents and Digital Technology Companies -- Chapter 6 Trade Secrets and Non-Disclosure Agreements -- Chapter 7 Confidentiality, Rights Transfer, and Non-Competition Agreements for Employees -- Chapter 8 Introduction to Digital Product and Service Contracts -- Chapter 9 A Pragmatic Guide to Open Source -- Chapter 10 IT Services--Development, Outsourcing, and Consulting -- Chapter 11 Beta Test Agreements -- Chapter 12 Commercial End-User Agreements -- Chapter 13 Software as a Service (SaaS) -- Chapter 14 Commercial Distribution--Part I -- Chapter 15 Commercial Distribution--Part II -- Chapter 16 Clickwraps and Browsewraps -- Chapter 17 Terms of Use for Web Sites and Online Applications -- Chapter 18 Privacy and Use of Personal Data -- Chapter 19 Digital Technology Standards--Opportunities, Risks, and Strategies -- Chapter 20 Content for Digital Media -- Chapter 21 Deals in the Web and Mobile Value Chains -- Chapter 22 Video Games! Developing Games and Doing Deals -- Chapter 23 Going Global--Doing Business in World Markets -- Chapter 24 United States Export Controls -- Chapter 25 Proactive Management of Your Legal Affairs -- Forms Appendix -- Index.</subfield>
  </datafield>
  <datafield tag="500" ind1=" " ind2=" ">
   <subfield code="a">Includes index.</subfield>
  </datafield>
  <datafield tag="650" ind1=" " ind2="4">
   <subfield code="a">Internet</subfield>
   <subfield code="x">Law and legislation</subfield>
   <subfield code="x">United States.</subfield>
  </datafield>
  <datafield tag="650" ind1=" " ind2="4">
   <subfield code="a">Electronic commerce</subfield>
   <subfield code="x">Law and legislation</subfield>
   <subfield code="z">United States.</subfield>
  </datafield>
  <datafield tag="650" ind1=" " ind2="4">
   <subfield code="a">Data protection</subfield>
   <subfield code="x">Law and legislation</subfield>
   <subfield code="z">United States.</subfield>
  </datafield>
  <datafield tag="650" ind1=" " ind2="4">
   <subfield code="a">Intellectual property</subfield>
   <subfield code="x">United States.</subfield>
  </datafield>
  <datafield tag="650" ind1=" " ind2="4">
   <subfield code="a">Information technology</subfield>
   <subfield code="x">United States.</subfield>
  </datafield>
  <datafield tag="651" ind1=" " ind2="4">
   <subfield code="a">United States.</subfield>
  </datafield>
  <datafield tag="655" ind1=" " ind2="4">
   <subfield code="a">Electronic books.</subfield>
  </datafield>
  <datafield tag="700" ind1="1" ind2=" ">
   <subfield code="a">Mastrobattista, Amy J.</subfield>
  </datafield>
  <datafield tag="852" ind1=" " ind2=" ">
   <subfield code="a">INST</subfield>
   <subfield code="b">UNIPILB</subfield>
   <subfield code="c">EBOOKS</subfield>
   <subfield code="e">20140826</subfield>
   <subfield code="p">00b48320</subfield>
   <subfield code="q">00b48320</subfield>
   <subfield code="t">ONLINE</subfield>
   <subfield code="y">0</subfield>
  </datafield>
  <datafield tag="856" ind1="4" ind2="0">
   <subfield code="3">ScienceDirect</subfield>
   <subfield code="u">http://www.sciencedirect.com/science/book/9781597492560</subfield>
  </datafield>
  <datafield tag="856" ind1="4" ind2=" ">
   <subfield code="d">/webopac/covers/03/48320_9781597492560.jpg</subfield>
  </datafield>
  <datafield tag="856" ind1="4" ind2=" ">
   <subfield code="d">/webopac/covers/03/48320_1597492566.jpg</subfield>
  </datafield>
  <datafield tag="856" ind1="4" ind2=" ">
   <subfield code="d">/webopac/covers/03/48320_0080558828.jpg</subfield>
   <subfield code="z">(electronic bk.)</subfield>
  </datafield>
  <datafield tag="856" ind1="4" ind2=" ">
   <subfield code="d">/webopac/covers/03/48320_9780080558820.jpg</subfield>
   <subfield code="z">(electronic bk.)</subfield>
  </datafield>
 </record>
</collection>
